[Event "BL 9091 Bayern-Koblenz"]
[Site "?"]
[Date "1990.??.??"]
[Round "?.3"]
[White "Seul, G."]
[Black "Hjartarson, J."]
[Result "1-0"]
[WhiteElo "2340"]
[BlackElo "2520"]
[PlyCount "169"]
[EventDate "1990.??.??"]

1. d4 Nf6 2. Nf3 e6 3. Bg5 h6 4. Bh4 Be7 5. Nbd2 O-O 6. e4 d5 7. e5 Ne4 8. Bxe7
Qxe7 9. Bd3 Nxd2 10. Qxd2 b6 11. O-O c5 12. c3 Ba6 13. Bxa6 Nxa6 14. Qe2 Nc7
15. Rad1 Rac8 16. g3 Qd7 17. dxc5 bxc5 18. c4 Qc6 19. Rc1 Rfd8 20. cxd5 Nxd5
21. Nd2 Nb4 22. Nc4 Qa6 23. a3 Nc6 24. Rfe1 Nd4 25. Qe4 Rd5 26. Rc3 Rb8 27. Kg2
Nf5 28. Rec1 g6 29. R1c2 Rd1 30. Rc1 Rxc1 31. Rxc1 h5 32. Rd1 Qa4 33. Rd2 Nd4
34. Nd6 Qb3 35. Qf4 Nf5 36. Nxf5 exf5 37. Rd7 Re8 38. Qd2 a6 39. f4 Kg7 40. Rc7
Rb8 41. Rxc5 Qxb2 42. Qxb2 Rxb2+ 43. Kh3 Rb6 44. Rd5 Rb3 45. Ra5 Rb6 46. a4 Rc6
47. Rd5 Rc4 48. Ra5 Rc6 49. Kg2 h4 50. Kh3 hxg3 51. hxg3 g5 52. fxg5 Kg6 53.
Kh4 Rb6 54. g4 f4 55. Rd5 Rb1 56. Rd6+ Kg7 57. g6 fxg6 58. Kg5 Re1 59. Rd7+ Kf8
60. Kf6 Ke8 61. e6 f3 62. Rb7 Kd8 63. Rb2 Re2 64. Rb3 f2 65. Rf3 g5 66. Kf7 a5
67. Rf6 Kc7 68. Ke7 Ra2 69. Ke8 Rxa4 70. Rxf2 Rxg4 71. e7 Re4 72. Rf6 g4 73.
Kf8 Kd7 74. Rf7 Kd6 75. e8=Q Rxe8+ 76. Kxe8 Ke5 77. Rf1 g3 78. Rf3 Kd4 79. Rxg3
Kc4 80. Kd7 a4 81. Kc6 Kb4 82. Rg4+ Kb3 83. Kb5 a3 84. Rg3+ Kb2 85. Kb4 1-0

[Event "BL 9091 Bayern-Koblenz"]
[Site "?"]
[Date "1990.??.??"]
[Round "?.4"]
[White "Bischoff, K."]
[Black "Wolf, V."]
[Result "1/2-1/2"]
[WhiteElo "2530"]
[BlackElo "2310"]
[PlyCount "99"]
[EventDate "1990.??.??"]

1. d4 Nf6 2. Nf3 e6 3. c4 Bb4+ 4. Bd2 a5 5. g3 d5 6. Qc2 Nc6 7. a3 Bxd2+ 8.
Nbxd2 O-O 9. Bg2 Qe7 10. O-O Rd8 11. Rfd1 Bd7 12. e3 Be8 13. Rac1 a4 14. Ne5
Rac8 15. Nd3 Na5 16. cxd5 exd5 17. Bh3 Bd7 18. Bxd7 Qxd7 19. Kg2 b6 20. Ne5 Qb5
21. Nb1 Nb3 22. Nc6 Nxc1 23. Rxc1 Re8 24. Na7 Qd7 25. Nxc8 Rxc8 26. Qc6 Qxc6
27. Rxc6 Kf8 28. Nc3 Ke8 29. Nxa4 Ra8 30. Nc3 Kd7 31. Rxf6 gxf6 32. Nxd5 f5 33.
Kf3 Kd6 34. Nc3 c6 35. Ke2 Re8 36. Kf3 Ra8 37. Ke2 Re8 38. Kd3 Re6 39. Ne2 Rh6
40. h4 Rg6 41. Kc4 Rg8 42. Nf4 Ra8 43. Nd3 f6 44. Nf4 Ra4+ 45. Kb3 Ra7 46. Ne2
Re7 47. Kc4 Re8 48. Kd3 Re7 49. Nc3 Rg7 50. Ne2 1/2-1/2

[Event "BL 9091 Bayern-Koblenz"]
[Site "?"]
[Date "1990.??.??"]
[Round "?.5"]
[White "Schlick, V."]
[Black "Hertneck, G."]
[Result "0-1"]
[WhiteElo "2305"]
[BlackElo "2520"]
[PlyCount "78"]
[EventDate "1990.??.??"]

1. e4 e6 2. d4 d5 3. Nc3 Bb4 4. e5 Ne7 5. a3 Bxc3+ 6. bxc3 c5 7. a4 Nbc6 8. Bb5
Bd7 9. Ne2 Rc8 10. Ba3 cxd4 11. cxd4 Na5 12. O-O Nc4 13. Nf4 g6 14. Bc5 b6 15.
Bxc4 bxc5 16. Ba6 Rc6 17. Bb5 Rc7 18. Re1 cxd4 19. Qxd4 Bxb5 20. axb5 Rc4 21.
Qd2 Qc7 22. g3 O-O 23. Ra2 Rb8 24. Rea1 Nc8 25. Re1 Rxb5 26. Nh3 Re4 27. Rxe4
dxe4 28. Ra3 Rxe5 29. Rc3 Rc5 30. Rxc5 Qxc5 31. Qd8+ Kg7 32. Ng5 e3 33. fxe3
Nd6 34. Qe7 Qxe3+ 35. Kg2 Qe2+ 36. Kg1 Qd1+ 37. Kg2 Qxc2+ 38. Kg1 Qc5+ 39. Kg2
Qd5+ 0-1

[Event "BL 9091 Bayern-Koblenz"]
[Site "?"]
[Date "1990.??.??"]
[Round "?.6"]
[White "Boensch, U."]
[Black "Fecht, H."]
[Result "1-0"]
[WhiteElo "2510"]
[BlackElo "2250"]
[PlyCount "69"]
[EventDate "1990.??.??"]

1. d4 Nf6 2. c4 g6 3. Nc3 Bg7 4. e4 d6 5. Be2 O-O 6. Nf3 e5 7. Be3 Na6 8. O-O
Ng4 9. Bg5 f6 10. Bc1 c6 11. h3 Nh6 12. Be3 Nf7 13. dxe5 dxe5 14. c5 Be6 15.
Qa4 Qc8 16. Rad1 Rd8 17. Rxd8+ Nxd8 18. Rd1 Nf7 19. Nd2 Nc7 20. Nc4 Ne8 21. Kh2
Bh6 22. Bxh6 Nxh6 23. b4 Nf7 24. Qa3 Kg7 25. Ne3 Ng5 26. h4 Nf7 27. b5 Nd8 28.
Qb4 Qc7 29. b6 Qe7 30. bxa7 Rxa7 31. a4 f5 32. exf5 gxf5 33. Kg1 Nf7 34. Bc4
Bxc4 35. Nxf5+ 1-0

[Event "BL 9091 Bayern-Koblenz"]
[Site "?"]
[Date "1990.??.??"]
[Round "?.7"]
[White "Fritsche, L."]
[Black "Hickl, J."]
[Result "1-0"]
[WhiteElo "2295"]
[BlackElo "2480"]
[PlyCount "89"]
[EventDate "1990.??.??"]

1. e4 g6 2. Nc3 c6 3. h4 h5 4. d4 d5 5. Bg5 Bg7 6. Qd2 dxe4 7. O-O-O Nf6 8. Bc4
Nbd7 9. Nge2 Nb6 10. Bb3 Nbd5 11. Rhe1 Bg4 12. Nxd5 cxd5 13. Qe3 a5 14. a4 O-O
15. f3 exf3 16. gxf3 Bf5 17. Ng3 e6 18. Nxf5 exf5 19. Qe7 Qb6 20. Qc5 Qc6 21.
Re7 Rfc8 22. Rde1 Qa6 23. Qb5 Qxb5 24. axb5 a4 25. Ba2 b6 26. Rb7 Re8 27. Re5
Nh7 28. Rxe8+ Rxe8 29. Be7 Bf6 30. Bxf6 Nxf6 31. Rxb6 Kg7 32. Kd2 f4 33. Rd6 g5
34. hxg5 Nh7 35. Rh6 Nxg5 36. Rxh5 Nxf3+ 37. Kc3 Rc8+ 38. Kd3 Ne1+ 39. Kd2 Nxc2
40. Rxd5 Nb4 41. Rc5 Ra8 42. Bc4 a3 43. bxa3 Rxa3 44. b6 Na6 45. b7 1-0

[Event "BL 9091 Bayern-Koblenz"]
[Site "?"]
[Date "1990.??.??"]
[Round "?.8"]
[White "Stangl, M."]
[Black "Bohn, T."]
[Result "1-0"]
[WhiteElo "2435"]
[BlackElo "2230"]
[PlyCount "80"]
[EventDate "1990.??.??"]

1. Nf3 f5 2. c4 Nf6 3. g3 d6 4. d4 e6 5. Bg2 Be7 6. O-O O-O 7. b3 Qe8 8. Bb2 a5
9. Nc3 Na6 10. Ne1 c6 11. e4 fxe4 12. Nxe4 Nxe4 13. Bxe4 e5 14. Bg2 Bf6 15. Qd2
Bf5 16. Qxa5 Nc5 17. Qd2 exd4 18. Bxd4 Nxb3 19. axb3 Rxa1 20. Bxa1 Bxa1 21. Nf3
Bf6 22. Qxd6 Qd8 23. Qb4 Qc7 24. c5 Rd8 25. Re1 Bg6 26. Bf1 Re8 27. Qc4+ Kh8
28. Rxe8+ Bxe8 29. b4 Qe7 30. Qf4 g6 31. Bc4 Kg7 32. Bb3 Bd7 33. g4 g5 34. Qc4
Qf8 35. h4 Ba1 36. Kg2 h5 37. gxh5 gxh4 38. Ng5 Bb2 39. Qc2 Ba1 40. Qh7+ Kf6
1-0

[Event "BL 9091 München 36-Porz"]
[Site "?"]
[Date "1990.??.??"]
[Round "?.2"]
[White "Ftacnik, L."]
[Black "Christiansen, L."]
[Result "1-0"]
[WhiteElo "2550"]
[BlackElo "2595"]
[PlyCount "133"]
[EventDate "1990.??.??"]

1. d4 Nf6 2. Nf3 c5 3. d5 g6 4. Nc3 Bg7 5. e4 O-O 6. Be2 b5 7. e5 Ng4 8. Bf4 b4
9. Ne4 f6 10. exf6 Nxf6 11. Nxc5 Qa5 12. Be3 Na6 13. Nxa6 Bxa6 14. d6 e6 15.
O-O Nd5 16. Bd4 Bxe2 17. Qxe2 Bxd4 18. Nxd4 Qb6 19. Rfd1 Qxd6 20. a3 a5 21. g3
Rae8 22. axb4 axb4 23. Nb5 Qb6 24. c4 bxc3 25. bxc3 Rc8 26. Rac1 Rc4 27. Rb1
Qc5 28. Rd4 Rxd4 29. cxd4 Qc6 30. Qd3 Ra8 31. Na3 Qc3 32. Rb3 Qe1+ 33. Kg2 Rf8
34. Rb2 Ra8 35. Rb1 Rxa3 36. Rb8+ Kg7 37. Qxa3 Qe4+ 38. Qf3 Qf5 39. Rb7 Nf6 40.
h3 h5 41. Rc7 Kf7 42. Rc5 Qe4 43. Qxe4 Nxe4 44. Re5 d5 45. Kf3 Nd2+ 46. Kf4 Kf6
47. h4 Nb3 48. Ke3 Na5 49. Kd3 Nc4 50. Re2 Nd6 51. Ra2 Ne4 52. Ke3 Nd6 53. Ra6
Ne4 54. Rc6 Ke7 55. Rc7+ Kf6 56. Rd7 g5 57. hxg5+ Kxg5 58. Rg7+ Kf6 59. Rg8 Kf7
60. Rh8 Kg6 61. f3 Nd6 62. Kf4 Nf7 63. Rg8+ Kf6 64. Rf8 Ke7 65. Rxf7+ Kxf7 66.
Ke5 Ke7 67. f4 1-0

[Event "BL 9091 München 36-Porz"]
[Site "?"]
[Date "1990.??.??"]
[Round "?.3"]
[White "Vaganian, R."]
[Black "Espig, L."]
[Result "1-0"]
[WhiteElo "2630"]
[BlackElo "2505"]
[PlyCount "127"]
[EventDate "1990.??.??"]

1. Nf3 c5 2. c4 g6 3. e4 Bg7 4. d4 cxd4 5. Nxd4 Nc6 6. Be3 Nf6 7. Nc3 Ng4 8.
Qxg4 Nxd4 9. Qd1 e5 10. Nb5 O-O 11. Qd2 Qh4 12. Nd6 Qe7 13. Nxc8 Rfxc8 14. Bd3
a5 15. O-O Qb4 16. Qc3 Qd6 17. Rac1 Rc5 18. Qd2 Rc7 19. f3 b6 20. Qf2 Rf8 21.
Rfd1 Qe7 22. f4 d6 23. f5 Bf6 24. Rf1 g5 25. Qg3 Kh8 26. Qg4 Rg8 27. Rc3 Rg7
28. Rf2 Kg8 29. Bf1 h6 30. Bd2 Rh7 31. Rh3 Qf8 32. b4 axb4 33. Bxb4 Kg7 34. Qh5
Rh8 35. Rg3 Qd8 36. Rb2 Kf8 37. Ra3 Ke7 38. Ra6 Rc6 39. Bd2 Qc7 40. Rb4 Qb7 41.
c5 dxc5 42. Rba4 Qd7 43. Bc4 Rf8 44. Ra8 Rcc8 45. R4a7 Rxa8 46. Rxd7+ Kxd7 47.
Qxh6 Be7 48. Bd5 f6 49. Bxa8 Rxa8 50. Qg7 Rxa2 51. Bxg5 Ra1+ 52. Kf2 Ra2+ 53.
Kg3 Ra3+ 54. Kg4 Ra2 55. g3 fxg5 56. f6 Nc6 57. fxe7 Rxh2 58. e8=Q+ Kxe8 59.
Qc7 Nd8 60. Qxe5+ Kd7 61. Qd5+ Kc7 62. Kxg5 Rh7 63. Qe5+ Kc6 64. Qd5+ 1-0

[Event "BL 9091 München 36-Porz"]
[Site "?"]
[Date "1990.??.??"]
[Round "?.5"]
[White "Schmittdiel, E."]
[Black "Enders, P."]
[Result "1-0"]
[WhiteElo "2505"]
[BlackElo "2495"]
[PlyCount "55"]
[EventDate "1990.??.??"]

1. e4 c5 2. c3 Nf6 3. e5 Nd5 4. Nf3 Nc6 5. d4 cxd4 6. Bc4 Nb6 7. Bb3 d5 8. exd6
Qxd6 9. O-O Be6 10. Na3 Bxb3 11. Qxb3 e6 12. Rd1 d3 13. Nb5 Qd7 14. c4 Rd8 15.
Nxa7 Nxc4 16. Qxc4 Nxa7 17. Be3 Nc6 18. Bb6 Qd5 19. Qa4 Rd7 20. Ne1 Bd6 21.
Rxd3 Qh5 22. g3 Bb8 23. Rxd7 Kxd7 24. Rd1+ Kc8 25. Nd3 Bc7 26. Nc5 Kb8 27.
Bxc7+ Kxc7 28. Rd7+ 1-0

[Event "BL 9091 München 36-Porz"]
[Site "?"]
[Date "1990.??.??"]
[Round "?.6"]
[White "Bastian, H."]
[Black "Knaak, R."]
[Result "0-1"]
[WhiteElo "2335"]
[BlackElo "2515"]
[PlyCount "50"]
[EventDate "1990.??.??"]

1. e4 e6 2. d4 d5 3. e5 c5 4. c3 Nc6 5. Nf3 Bd7 6. Be2 Nge7 7. dxc5 Ng6 8. b4
a5 9. Qb3 axb4 10. cxb4 b6 11. b5 Na5 12. Qd1 bxc5 13. a4 c4 14. Nbd2 Qc7 15.
Qc2 Bc5 16. Bb2 Qa7 17. g3 Bxf2+ 18. Kf1 h5 19. Bd1 h4 20. Ne4 dxe4 21. Qxf2
exf3 22. Bxf3 Qxf2+ 23. Kxf2 Rb8 24. Bc3 Nb3 25. Rad1 Nc5 0-1

[Event "BL 9091 Solingen-HSK"]
[Site "?"]
[Date "1990.??.??"]
[Round "?.1"]
[White "Wahls, M."]
[Black "Short, N."]
[Result "0-1"]
[WhiteElo "2525"]
[BlackElo "2610"]
[PlyCount "52"]
[EventDate "1990.??.??"]

1. e4 e6 2. d4 d5 3. Nd2 c5 4. exd5 exd5 5. Ngf3 Nf6 6. Be2 Nc6 7. O-O cxd4 8.
Nb3 Be7 9. Nfxd4 O-O 10. Bg5 h6 11. Bh4 Qb6 12. c3 Bd7 13. Bf3 a5 14. Re1 Rae8
15. a4 Nxd4 16. cxd4 Qb4 17. Re3 Bxa4 18. Qe1 Qxe1+ 19. Raxe1 Bb4 20. Rxe8 Nxe8
21. Re3 Nd6 22. Be7 Rc8 23. Nc5 Nc4 24. Bg4 Re8 25. Re2 Bd1 26. Bd7 Ra8 0-1

[Event "BL 9091 Solingen-HSK"]
[Site "?"]
[Date "1990.??.??"]
[Round "?.2"]
[White "Chandler, M."]
[Black "Brunner, L."]
[Result "1-0"]
[WhiteElo "2560"]
[BlackElo "2475"]
[PlyCount "122"]
[EventDate "1990.??.??"]

1. e4 e5 2. Nf3 Nc6 3. Bb5 a6 4. Ba4 Nf6 5. O-O Nxe4 6. d4 b5 7. Bb3 d5 8. dxe5
Be6 9. Nbd2 Be7 10. a4 b4 11. Nxe4 dxe4 12. Bxe6 fxe6 13. Nd2 O-O 14. Nxe4 Qd5
15. f3 Bc5+ 16. Kh1 Bd4 17. c3 Bb6 18. Qe2 Qxe5 19. Be3 Rfd8 20. Rae1 bxc3 21.
bxc3 h6 22. Bxb6 cxb6 23. f4 Qd5 24. Ng3 Re8 25. Rd1 Qc5 26. Ne4 Qe7 27. Rd6
Qb7 28. Qg4 Kh8 29. Rxe6 Rxe6 30. Qxe6 Rf8 31. h3 Nd8 32. Qc4 Nf7 33. f5 Re8
34. Nd2 Nd6 35. Qf4 Re2 36. Rf2 Rxf2 37. Qxf2 Qd5 38. f6 b5 39. a5 Kg8 40. fxg7
Kxg7 41. Nf3 Nf7 42. Qg3+ Kf6 43. Qf4+ Ke7 44. Nd4 Qc4 45. Qe4+ Kf6 46. Kg1 Ng5
47. Qf5+ Ke7 48. Qe5+ Kd7 49. h4 Nf7 50. Qf6 Nd6 51. Kh2 b4 52. Nf3 Qc7 53.
cxb4 Kc8 54. Qe6+ Kb8 55. g3 Qc2+ 56. Kh3 Ne4 57. Qb6+ Kc8 58. Qxa6+ Kd8 59.
Qb6+ Kc8 60. Qe6+ Kb8 61. Qe5+ Kb7 1-0

[Event "BL 9091 Solingen-HSK"]
[Site "?"]
[Date "1990.??.??"]
[Round "?.3"]
[White "Maus, So"]
[Black "Lau, R."]
[Result "0-1"]
[WhiteElo "2440"]
[BlackElo "2475"]
[PlyCount "80"]
[EventDate "1990.??.??"]

1. c4 e6 2. Nf3 Nf6 3. g3 d5 4. b3 Be7 5. Bg2 O-O 6. O-O b6 7. Bb2 Bb7 8. e3
Nbd7 9. Qe2 Re8 10. Nc3 Ne4 11. Rad1 Bf6 12. d4 Nxc3 13. Bxc3 c5 14. cxd5 exd5
15. Qb2 Rc8 16. dxc5 bxc5 17. Bxf6 Nxf6 18. Rc1 Qb6 19. Rfd1 Rc7 20. Ne5 h6 21.
Nd3 Rd8 22. Nf4 Rcd7 23. Qc2 d4 24. Qxc5 Qxc5 25. Rxc5 Bxg2 26. Kxg2 dxe3 27.
Rxd7 Rxd7 28. Rc8+ Kh7 29. Rc2 Rd2 30. Rc3 Rxf2+ 31. Kg1 Rxa2 32. Rxe3 Rxh2 33.
Re7 Rb2 34. Rxa7 Rxb3 35. Kg2 Ne4 36. Rxf7 Rxg3+ 37. Kh2 Rf3 38. Kg2 Rf2+ 39.
Kg1 Kg8 40. Rf5 g5 0-1

[Event "BL 9091 Solingen-HSK"]
[Site "?"]
[Date "1990.??.??"]
[Round "?.4"]
[White "Mohr, S."]
[Black "Wegner, H."]
[Result "0-1"]
[WhiteElo "2430"]
[BlackElo "2405"]
[PlyCount "75"]
[EventDate "1990.??.??"]

1. d4 Nf6 2. c4 g6 3. Nc3 d5 4. Nf3 Bg7 5. cxd5 Nxd5 6. e4 Nxc3 7. bxc3 c5 8.
Rb1 O-O 9. Qd2 Bg4 10. d5 Qa5 11. Rb3 c4 12. Ra3 Qc5 13. Qb2 Bxf3 14. gxf3 Nd7
15. Qb4 b5 16. Ra6 Qc8 17. Rc6 Qb7 18. a4 a6 19. f4 Rfc8 20. Rxc8+ Rxc8 21. Bg2
Nc5 22. O-O Nxa4 23. e5 Nc5 24. Be3 Nd3 25. Qa5 Bh6 26. d6 Qd7 27. Qxa6 Bxf4
28. Qb7 Qxb7 29. Bxb7 Rb8 30. dxe7 Re8 31. Bc6 Rxe7 32. Bxf4 Nxf4 33. Bxb5 Rxe5
34. Bxc4 Rc5 35. Ba2 Rxc3 36. Re1 Rc7 37. Rb1 Kg7 38. Kf1 0-1

[Event "BL 9091 Solingen-HSK"]
[Site "?"]
[Date "1990.??.??"]
[Round "?.5"]
[White "Michaelsen, N."]
[Black "Reeh, O."]
[Result "1-0"]
[WhiteElo "2305"]
[BlackElo "2465"]
[PlyCount "59"]
[EventDate "1990.??.??"]

1. d4 Nf6 2. c4 g6 3. Nc3 Bg7 4. e4 d6 5. f4 O-O 6. Nf3 c5 7. d5 e6 8. Be2 exd5
9. cxd5 Bg4 10. O-O Nbd7 11. a4 Re8 12. h3 Bxf3 13. Bxf3 a6 14. a5 c4 15. Ra4
b5 16. axb6 Qxb6+ 17. Kh1 Rac8 18. Qe2 Nxe4 19. Nxe4 f5 20. Be3 Qb5 21. Nxd6
Qxa4 22. Nxc8 Rxc8 23. d6 Re8 24. Qd2 Qb5 25. Rc1 Qxb2 26. Rxc4 Qxd2 27. Bxd2
Bf6 28. Rc7 Rd8 29. Ba5 Bd4 30. Rb7 1-0

[Event "BL 9091 Solingen-HSK"]
[Site "?"]
[Date "1990.??.??"]
[Round "?.6"]
[White "Podzielny, K."]
[Black "Reefschlaeger, H."]
[Result "1-0"]
[WhiteElo "2445"]
[BlackElo "2370"]
[PlyCount "51"]
[EventDate "1990.??.??"]

1. c4 f5 2. g3 Nf6 3. Bg2 g6 4. Nh3 e5 5. d4 d6 6. Nc3 c6 7. d5 Bg7 8. e4 O-O
9. exf5 gxf5 10. dxc6 bxc6 11. O-O Qe7 12. Re1 Bb7 13. b3 Na6 14. Ba3 Rad8 15.
Qc2 Ne8 16. Rad1 Nac7 17. f4 e4 18. Nxe4 fxe4 19. Bxe4 Qd7 20. Bxh7+ Kh8 21.
Ng5 c5 22. Bg6 Nf6 23. Bb2 Qc6 24. Re4 Bc8 25. Re7 Bb7 26. Be4 1-0

[Event "BL 9091 Solingen-HSK"]
[Site "?"]
[Date "1990.??.??"]
[Round "?.7"]
[White "Sievers, S."]
[Black "Dueball, J."]
[Result "1-0"]
[WhiteElo "2330"]
[BlackElo "2445"]
[PlyCount "79"]
[EventDate "1990.??.??"]

1. e4 e5 2. Nf3 Nc6 3. Bb5 a6 4. Ba4 Nf6 5. d4 exd4 6. O-O Be7 7. Re1 b5 8. e5
Nxe5 9. Rxe5 d6 10. Re1 bxa4 11. Bg5 O-O 12. Qe2 Be6 13. Nxd4 Qd7 14. Nc3 h6
15. Nxe6 fxe6 16. Qxe6+ Qxe6 17. Rxe6 Bd8 18. Bd2 Ng4 19. Re2 Bf6 20. h3 Nxf2
21. Rf1 Bd4 22. Rfxf2 Rxf2 23. Rxf2 a3 24. b3 Rf8 25. Nd1 Bxf2+ 26. Nxf2 Rf5
27. Kf1 Kf7 28. g4 Rd5 29. Nd3 h5 30. g5 Rd4 31. Kf2 Kg6 32. Ke3 Rh4 33. Nf4+
Kxg5 34. Ke4 g6 35. b4 Rxf4+ 36. Bxf4+ Kh4 37. c4 Kxh3 38. b5 axb5 39. cxb5 Kg2
40. Bg5 1-0

[Event "BL 9091 Solingen-HSK"]
[Site "?"]
[Date "1990.??.??"]
[Round "?.8"]
[White "Zysk, R."]
[Black "Heinemann, T."]
[Result "1/2-1/2"]
[WhiteElo "2415"]
[BlackElo "2340"]
[PlyCount "43"]
[EventDate "1990.??.??"]

1. Nf3 Nf6 2. c4 e6 3. g3 b6 4. Bg2 Bb7 5. O-O c5 6. b3 Be7 7. Bb2 O-O 8. Nc3
a6 9. e3 d5 10. Rc1 Ra7 11. cxd5 Nxd5 12. d4 Nd7 13. Nxd5 Bxd5 14. Qe2 Qa8 15.
Rfe1 Be4 16. Red1 Bf6 17. Ne1 Bxg2 18. Nxg2 cxd4 19. Bxd4 Rc8 20. Bxf6 Nxf6 21.
Nf4 h6 22. Rxc8+ 1/2-1/2

[Event "BL 9091 Dortmund-Tegel"]
[Site "?"]
[Date "1990.??.??"]
[Round "?.1"]
[White "Tomczak, R."]
[Black "Razuvaev, Y."]
[Result "1/2-1/2"]
[WhiteElo "2305"]
[BlackElo "2570"]
[PlyCount "163"]
[EventDate "1990.??.??"]

1. e4 c5 2. c3 e6 3. d4 d5 4. exd5 exd5 5. Be3 c4 6. b3 cxb3 7. axb3 Nf6 8. Bd3
Bd6 9. h3 O-O 10. Qf3 Re8 11. Nd2 Qe7 12. Ne2 Ne4 13. Ra5 Nf6 14. Bg5 Qc7 15.
Ra1 Nbd7 16. O-O b6 17. Bb5 Ne4 18. Nxe4 dxe4 19. Qg4 Nf8 20. Qh5 Bd7 21. Bxd7
Nxd7 22. Be3 Nf6 23. Qb5 a5 24. c4 Rab8 25. Rfd1 Rec8 26. Qf5 Qd7 27. Qxd7 Nxd7
28. Nc3 f5 29. Nb5 Be7 30. Bf4 Rb7 31. Nd6 Bxd6 32. Bxd6 Kf7 33. c5 bxc5 34.
dxc5 Rb5 35. b4 axb4 36. Ra7 Ke8 37. Bf4 Nf6 38. Rxg7 Rbxc5 39. Kh2 Rd5 40. Rb1
Rd7 41. Rxd7 Kxd7 42. Rxb4 Nd5 43. Rd4 Ke6 44. Bh6 Rc2 45. Rd2 Rxd2 46. Bxd2 f4
47. g3 e3 48. fxe3 fxe3 49. Be1 Ke5 50. g4 Ke4 51. Kg3 Nf4 52. g5 Nd3 53. Bc3
e2 54. Kg4 Ne5+ 55. Kg3 Ke3 56. h4 Nf3 57. Ba5 Nd2 58. Bb6+ Kd3 59. Kf2 Nf3 60.
Ba5 Nxh4 61. Kg3 Ng6 62. Kf3 Ne5+ 63. Kf4 Nf7 64. Be1 Kc2 65. Bf2 Kd2 66. Kf5
Nd6+ 67. Ke5 Nc4+ 68. Kd4 Na5 69. Ke4 Nb3 70. Kf3 Kd3 71. Be1 Nc5 72. Kf4 Kc2
73. Kf5 Kd1 74. Bf2 Nd3 75. Bg3 Kd2 76. Ke4 Nc5+ 77. Kd5 Nb3 78. Ke4 Na1 79.
Kf5 Ke3 80. g6 hxg6+ 81. Kxg6 Nc2 82. Kf6 1/2-1/2

[Event "BL 9091 Dortmund-Tegel"]
[Site "?"]
[Date "1990.??.??"]
[Round "?.2"]
[White "Smagin, S."]
[Black "Lorenz, S."]
[Result "0-1"]
[WhiteElo "2550"]
[BlackElo "2325"]
[PlyCount "112"]
[EventDate "1990.??.??"]

1. e4 g6 2. d4 Bg7 3. c3 d6 4. f4 e5 5. dxe5 Qh4+ 6. g3 Qe7 7. exd6 cxd6 8. Bg2
Nf6 9. Be3 O-O 10. Nd2 Re8 11. Ne2 Nc6 12. Bf2 Bg4 13. h3 Bxe2 14. Kxe2 Rad8
15. Kf1 h5 16. Qc2 Bh6 17. h4 d5 18. e5 Ng4 19. Nf3 Bf8 20. Re1 Qc7 21. Bh3 Qa5
22. Bxg4 hxg4 23. Nh2 d4 24. Nxg4 Re6 25. cxd4 Nxd4 26. Bxd4 Rxd4 27. Rh2 Rc6
28. Qb3 Qa6+ 29. Rhe2 Rd3 30. e6 Rxb3 31. exf7+ Kxf7 32. Ne5+ Kg8 33. axb3 Rc2
34. Kf2 Rxe2+ 35. Rxe2 Qb6+ 36. Kg2 Bg7 37. Nf3 Bf6 38. g4 Qxb3 39. g5 Qb5 40.
Re6 Qxb2+ 41. Kg3 Bg7 42. Rxg6 Kf8 43. h5 Bd4 44. Nxd4 Qxd4 45. Rf6+ Ke7 46. h6
a5 47. f5 a4 48. Re6+ Kd7 49. Kf3 a3 50. Re4 Qd3+ 51. Kf4 a2 52. Ra4 Qf1+ 53.
Ke4 Qe1+ 54. Kd5 Qd1+ 55. Rd4 Qxd4+ 56. Kxd4 a1=Q+ 0-1

[Event "BL 9091 Dortmund-Tegel"]
[Site "?"]
[Date "1990.??.??"]
[Round "?.3"]
[White "Rabiega, R."]
[Black "Mainka, R."]
[Result "1-0"]
[WhiteElo "2345"]
[BlackElo "2435"]
[PlyCount "85"]
[EventDate "1990.??.??"]

1. e4 e5 2. Nf3 Nc6 3. Bc4 Nf6 4. Ng5 d5 5. exd5 Na5 6. Bb5+ c6 7. dxc6 bxc6 8.
Be2 h6 9. Nh3 Bf5 10. d3 Qd7 11. O-O Bd6 12. Nc3 O-O 13. Kh1 Rad8 14. Ng1 Qc7
15. Bf3 Nb7 16. Nge2 Nc5 17. Ng3 Bh7 18. Nce4 Be7 19. Nxf6+ Bxf6 20. Qe2 Be7
21. Re1 Nd7 22. Nh5 f5 23. g4 fxg4 24. Bxg4 Kh8 25. Nf4 exf4 26. Qxe7 Qa5 27.
Bxd7 Qd5+ 28. Kg1 Qxd7 29. Qxd7 Rxd7 30. f3 Rd5 31. Bd2 Rg5+ 32. Kf2 Rh5 33.
Rh1 Bg8 34. Rae1 Bd5 35. c4 Bg8 36. Re7 Rf7 37. Rxf7 Bxf7 38. Bxf4 Rf5 39. Bb8
Bh5 40. f4 a5 41. Re1 Rf7 42. Re6 Rd7 43. Ke3 1-0

[Event "BL 9091 Dortmund-Tegel"]
[Site "?"]
[Date "1990.??.??"]
[Round "?.4"]
[White "Paehtz, T."]
[Black "Hargens, T."]
[Result "1-0"]
[WhiteElo "2430"]
[BlackElo "2255"]
[PlyCount "117"]
[EventDate "1990.??.??"]

1. c4 Nf6 2. Nc3 g6 3. g3 Bg7 4. Bg2 O-O 5. e4 d6 6. Nge2 c5 7. O-O Nc6 8. d3
a6 9. h3 Rb8 10. a4 Ne8 11. Be3 Nd4 12. Rb1 Nxe2+ 13. Qxe2 Nc7 14. Qd2 b5 15.
cxb5 axb5 16. b4 Na6 17. axb5 cxb4 18. bxa6 Bxc3 19. Qxc3 bxc3 20. Rxb8 Qc7 21.
a7 Bb7 22. e5 Rxb8 23. exd6 Qxd6 24. Bxb7 Rd8 25. Ra1 Kg7 26. d4 h6 27. a8=Q
Rxa8 28. Bxa8 g5 29. g4 e6 30. Be4 Qb4 31. Rb1 Qa4 32. Bd3 Qc6 33. Rc1 Kg8 34.
Rc2 Kg7 35. Bf1 f5 36. gxf5 exf5 37. d5 Qxd5 38. Rxc3 f4 39. Bc5 h5 40. Be2 Qe5
41. Rc2 Qe4 42. Rd2 g4 43. Bf1 Qc6 44. Bd6 Qe4 45. Re2 Qf3 46. Re7+ Kf6 47. Re8
Qc6 48. Rh8 Qxd6 49. Rh6+ Ke7 50. Rxd6 Kxd6 51. h4 Ke5 52. Bb5 Ke4 53. Kg2 g3
54. f3+ Kf5 55. Be8 Kf6 56. Bxh5 Kg7 57. Be8 Kf6 58. Bb5 Kg6 59. Bf1 1-0

[Event "BL 9091 Dortmund-Tegel"]
[Site "?"]
[Date "1990.??.??"]
[Round "?.5"]
[White "Sperlich, O."]
[Black "Keitlinghaus, L."]
[Result "0-1"]
[WhiteElo "2295"]
[BlackElo "2405"]
[PlyCount "116"]
[EventDate "1990.??.??"]

1. d4 e6 2. Nf3 f5 3. h3 Nf6 4. g4 d5 5. Bg5 Be7 6. Ne5 Ne4 7. Bxe7 Qxe7 8. Nd2
Nd7 9. e3 Nxe5 10. dxe5 Qb4 11. Rb1 Nxd2 12. Qxd2 Qe4 13. Rg1 Qxe5 14. f4 Qf6
15. gxf5 O-O 16. fxe6 Bxe6 17. c3 Rae8 18. Rd1 Bxh3 19. Kf2 Bxf1 20. Rdxf1 c6
21. Rg3 Re4 22. Rfg1 Rfe8 23. R1g2 R8e7 24. Qd1 Qh4 25. Qf3 Kf8 26. Kg1 R4e6
27. Rh2 Qxg3+ 28. Qxg3 Rg6 29. Qxg6 hxg6 30. Kf2 Kf7 31. Kf3 g5 32. Rg2 gxf4
33. exf4 Re1 34. Rh2 a5 35. a3 a4 36. Rg2 Kf6 37. Rg3 g6 38. Rg2 Rb1 39. Re2 b6
40. Rg2 Rf1+ 41. Ke3 Re1+ 42. Kf2 Re4 43. Kf3 Re1 44. Kf2 Re6 45. Kf3 Ke7 46.
Kg4 Kd6 47. Kg5 c5 48. Rd2 Kc6 49. Kg4 Rd6 50. Kf3 Kb5 51. Ke3 Kc4 52. Rg2 Re6+
53. Kd2 Kb3 54. Kd3 b5 55. Rg5 Kxb2 56. Rxd5 Rc6 57. Rd8 Kxa3 58. Rb8 Rd6+ 0-1

[Event "BL 9091 Dortmund-Tegel"]
[Site "?"]
[Date "1990.??.??"]
[Round "?.6"]
[White "Thesing, M."]
[Black "Giemsa, S."]
[Result "1/2-1/2"]
[WhiteElo "2380"]
[BlackElo "2240"]
[PlyCount "62"]
[EventDate "1990.??.??"]

1. d4 Nf6 2. Nf3 g6 3. Bg5 Bg7 4. Nbd2 d5 5. e3 O-O 6. Bd3 Nbd7 7. O-O Re8 8.
c4 c5 9. Qb3 cxd4 10. exd4 dxc4 11. Bxc4 Rf8 12. Ne5 Nxe5 13. dxe5 Ng4 14. e6
fxe6 15. h3 Ne5 16. Bxe6+ Bxe6 17. Qxe6+ Kh8 18. Nb3 Qb6 19. Qxe7 Rae8 20. Qc5
Qxc5 21. Nxc5 b6 22. Nb3 Nc4 23. Rac1 b5 24. Rc2 Bxb2 25. Na5 Bd4 26. Nxc4 bxc4
27. Rxc4 Bxf2+ 28. Rxf2 Re1+ 29. Kh2 Rxf2 30. Bh4 Ref1 31. Bxf2 Rxf2 1/2-1/2

[Event "BL 9091 HSK-Dortmund"]
[Site "?"]
[Date "1990.??.??"]
[Round "?.1"]
[White "Razuvaev, Y."]
[Black "Wahls, M."]
[Result "1-0"]
[WhiteElo "2570"]
[BlackElo "2525"]
[PlyCount "67"]
[EventDate "1990.??.??"]

1. d4 Nf6 2. c4 g6 3. Nc3 Bg7 4. e4 d6 5. f3 O-O 6. Be3 c5 7. dxc5 dxc5 8. e5
Nfd7 9. f4 f6 10. exf6 Nxf6 11. Qxd8 Rxd8 12. Bxc5 Na6 13. Ba3 Ng4 14. Nd5 e6
15. Ne7+ Kh8 16. Nf3 Bf8 17. Ng5 Re8 18. Nxc8 Bxa3 19. bxa3 Rexc8 20. Be2 Ne3
21. Kf2 Nxc4 22. Rac1 Nxa3 23. Nxe6 Nb4 24. Rhd1 Nxa2 25. Rxc8+ Rxc8 26. Rd7 b5
27. Rxa7 b4 28. Ng5 Rc2 29. Ke3 Nc1 30. Bg4 Nc4+ 31. Ke4 h6 32. Rh7+ Kg8 33.
Be6+ Kf8 34. Rf7+ 1-0